Report of the national commission on agriculture 1976: (Record no. 161232)

MARC details
000 -LEADER
fixed length control field 00420nam a22001457a 4500
003 - CONTROL NUMBER IDENTIFIER
control field OSt
082 ## - DEWEY DECIMAL CLASSIFICATION NUMBER
Classification number 630
Item number GOI/RE
245 ## - TITLE STATEMENT
Title Report of the national commission on agriculture 1976:
Remainder of title part 14 planning ,statistics and administration
260 ## - PUBLICATION, DISTRIBUTION, ETC. (IMPRINT)
Place of publication, distribution, etc New Delhi
Name of publisher, distributor, etc Ministry of Agriculture and Irrigation
Date of publication, distribution, etc 1976
300 ## - PHYSICAL DESCRIPTION
Extent xiii,321p.
546 ## - LANGUAGE
Language note English
650 ## - SUBJECT ADDED ENTRY--TOPICAL TERM
Topical term or geographic name as entry element Planning
650 ## - SUBJECT ADDED ENTRY--TOPICAL TERM
Topical term or geographic name as entry element Statistics
942 ## - ADDED ENTRY ELEMENTS (KOHA)
Source of classification or shelving scheme Dewey Decimal Classification
Koha item type Books (General)
Holdings
Lost status Source of classification or shelving scheme Damaged status Not for loan Collection code Home library Current library Shelving location Date acquired Total Checkouts Full call number Barcode Date last seen Koha item type
  Dewey Decimal Classification     General KAU Central Library, Thrissur KAU Central Library, Thrissur General 26/07/2018   630 GOI/RE 809555 26/07/2018 Books (General)
  Dewey Decimal Classification       KAU Central Library, Thrissur KAU Central Library, Thrissur General 03/08/2023   630 GOI/RE 812543 03/08/2023 Books (General)
Kerala Agricultural University Central Library
Thrissur-(Dt.), Kerala Pin:- 680656, India
Ph : (+91)(487) 2372219
E-mail: librarian@kau.in
Website: http://library.kau.in/